Guess A Ballon dor with each country#1 - Statistics

General Stats
  • This quiz has been taken 26 times
  • The average score is 5 of 6
Answer Stats
Picture Answer % Correct
Beckenbauer|Rummenige|Matthäus|Gerd Muller|Sammer
100%
Owen|Stanley Matthews|Bobby Charlton|Owen|Keegan
95%
Platini|Zidane|Kopa|Papin|Benzema
95%
Lev Yashin|Yashin
91%
Tostao|Rivelino|Zico|Romari|Kaka|Ronaldinho|R9|Ronaldo|Rivaldo
91%
Fabio Cannavaro|Roberto Baggio|Rossi|Rivera|Sivori
68%
No matching quizzes found
Score Distribution
Percent of People with Each Score
Percentile by Number Answered
Your Score History
You have not taken this quiz